LEADER 01059nam 2200205zu 450 001 996693906903316 005 20260108110143.0 035 $a(CKB)37904711400041 035 $a(UnM)99825050 035 $a(EXLCZ)9937904711400041 100 $a20250319|1660uuuu || | 101 0 $aeng 135 $aur||||||||||| 200 10$aHigh Court Of Justice, Or, Cromwels New Slaughter-house In England : With The Authority That Constituted, And Ordained It. Arraigned, Convicted, And Condemned, For Usurpation, Treason, Tyranny, Theft And Murther. Being The Third Part Of The History Of Independency, Written By The Same Authour 210 $cProQuest, UMI$d1660 700 $aWalker$01839717 906 $aBOOK 912 $a996693906903316 996 $aHigh Court Of Justice, Or, Cromwels New Slaughter-house In England : With The Authority That Constituted, And Ordained It. Arraigned, Convicted, And Condemned, For Usurpation, Treason, Tyranny, Theft And Murther. Being The Third Part Of The History Of Independency, Written By The Same Authour$94515260 997 $aUNISA